Elemental, Watson / (Registro nro. 1070)
[ vista simple ]
| 000 -LEADER | |
|---|---|
| fixed length control field | 01703aam a2200265 a 4500 |
| 003 - CONTROL NUMBER IDENTIFIER | |
| control field | AR-RoUNCS |
| 005 - DATE AND TIME OF LATEST TRANSACTION | |
| control field | 20260630164313.0 |
| 007 - PHYSICAL DESCRIPTION FIXED FIELD--GENERAL INFORMATION | |
| fixed length control field | ta |
| 008 - FIXED-LENGTH DATA ELEMENTS--GENERAL INFORMATION | |
| fixed length control field | 141218s2013 ag |r 00| j spa d |
| 020 ## - INTERNATIONAL STANDARD BOOK NUMBER | |
| International Standard Book Number | 978-950-753-335-8 |
| 040 ## - CATALOGING SOURCE | |
| Original cataloging agency | AR-RoUNCS |
| Language of cataloging | spa |
| Transcribing agency | AR-RoUNCS |
| 041 1# - LANGUAGE CODE | |
| Language code of text/sound track or separate title | spa |
| Language code of original | eng |
| 100 1# - MAIN ENTRY--PERSONAL NAME | |
| Personal name | Doyle, Arthur Conan, |
| Dates associated with a name | 1859-1930 |
| Relator term | autor |
| 245 10 - TITLE STATEMENT | |
| Title | Elemental, Watson / |
| Statement of responsibility, etc. | Arthur Conan Doyle. |
| 260 ## - PUBLICATION, DISTRIBUTION, ETC. | |
| Place of publication, distribution, etc. | San Isidro : |
| Name of publisher, distributor, etc. | Cántaro, |
| Date of publication, distribution, etc. | c2013. |
| 300 ## - PHYSICAL DESCRIPTION | |
| Extent | 100 p. ; |
| Dimensions | 19 cm. |
| 490 0# - SERIES STATEMENT | |
| Series statement | Colección Del Mirador ; |
| Volume/sequential designation | 232 |
| 505 ## - FORMATTED CONTENTS NOTE | |
| Title | Puertas de acceso. |
| 505 ## - FORMATTED CONTENTS NOTE | |
| Title | Elemental, Watson. |
| Miscellaneous information | La aventura del carbunclo azul ; Las cinco semillas de naranja ; La aventura de los tres estudiantes. |
| 520 ## - SUMMARY, ETC. | |
| Summary, etc. | Elemental, Watson ¿Qué significan cinco semillas de naranja en un sobre con las siglas K.K.K.? ¿Cuál es la posible relación entre un sombrero con forma de hongo, un rubí y un ganso para Nochebuena? ¿Hasta qué extremo puede llegar el estudiante de una prestigiosa universidad inglesa para aprobar un examen de Griego? A partir de estas preguntas, Arthur Conan Doyle urde tres casos que deberá resolver su célebre detective Sherlock Holmes, acompañado del no menos célebre doctor John Watson. Y su resolución es más que un mero relato policial. Porque Holmes representa la superioridad de la aguda inteligencia, de la capacidad de observación y del conocimiento científico sobre la violencia y el delito. Y su cronista, el animoso Watson, nos recuerda que hay cosas que vale la pena contar. |
| 650 #7 - SUBJECT ADDED ENTRY--TOPICAL TERM | |
| Topical term or geographic name entry element | Literatura inglesa |
| Source of heading or term | embne |
| 655 #7 - INDEX TERM--GENRE/FORM | |
| Genre/form data or focus term | Novelas policiacas |
| Source of term | embne |
| 751 ## - ADDED ENTRY-GEOGRAPHIC NAME | |
| Geographic name | San Isidro (Buenos Aires : Provincia) |
| Relator term | lugar de publicación |
| Relationship | pup |
| 942 ## - ADDED ENTRY ELEMENTS (KOHA) | |
| Source of classification or shelving scheme | Universal Decimal Classification |
| Koha item type | Obra General |
| Suppress in OPAC | No |
| Withdrawn status | Lost status | Source of classification or shelving scheme | Damaged status | Not for loan | Collection | Home library | Current library | Date acquired | Source of acquisition | Total checkouts | Full call number | Barcode | Date last seen | Price effective from | Koha item type |
|---|---|---|---|---|---|---|---|---|---|---|---|---|---|---|---|
| Universal Decimal Classification | Colección General | Biblioteca Escuela de Ciencias Sociales | Biblioteca Escuela de Ciencias Sociales | 30/06/2026 | Donación 2026 | 82-312.4(410.1) D754 | 001546 | 30/06/2026 | 30/06/2026 | Obra General |